000 00636nam a2200265Ia 4500
005 20260306164448.0
008 008 260114s9999 xx 000 0 eng d
020 _a9780197618189
037 _aEBOOK
040 _aCRL
040 _beng
040 _cCRL
041 _2eng
041 _aeng
084 _qCRL
100 _aFoblets
_91130786
245 4 _aThe Oxford Handbook Of Gangs And Society
260 _bOxford University Press
260 _c2024
650 _aLaw & Criminology
856 _uhttps://academic.oup.com/edited-volume/55820
942 _cEBOOK
999 _c1714167
_d1714167